000 00977cam a2200241 i 4500
005 20251108173048.0
008 250721s2005 jo gr 000 0 ara d
020 _a9957241796
082 1 4 _a025.00285
_bع ل ي
100 1 _aعليان، ربحي مصطفى
_eمؤلف.
245 1 0 _aمبادئ إدارة المكتبات ومراكز المعلومات /
_cتأليف الدكتور ربحي مصطفى عليان، الاستاذ أمين النجداوي.
250 _aالطبعة الاولى.
264 1 _aعمان :
_bدار صفاء للنشر و التوزيع،
_c2005.
300 _a428 صفحة.
650 1 7 _aالمكتبات.
650 1 7 _aمراكز المعلومات.
650 1 7 _aخدمات المعلومات.
650 1 7 _aالمعلومات.
650 1 7 _aمراكز المواد السمعية والبصرية.
700 1 _aالنجداوي، أمين
_eمؤلف.
942 _2ddc
_cBK
999 _c95193
_d95193